书目信息 |
| 题名: |
植物与帝国
|
|
| 作者: | 施宾格 著 ;姜虹 译 | |
| 分册: | ||
| 出版信息: | 北京 中国工人出版社 2020.11 |
|
| 页数: | 358页 | |
| 开本: | 21cm | |
| 丛书名: | 全球视野与物质文化史丛书 | |
| 单 册: | ||
| 中图分类: | Q94-09 | |
| 科图分类: | ||
| 主题词: | 植物学--zhi wu xue--生物学史--普及读物 | |
| 电子资源: | ||
| ISBN: | 978-7-5008-7254-2 | |
| 000 | 01575nam 2200313 450 | |
| 001 | 94629 | |
| 005 | 20250820191420.18 | |
| 010 | @a978-7-5008-7254-2@b精装@dCNY78.00 | |
| 100 | @a20201208d2020 em y0chiy50 ea | |
| 101 | 1 | @achi@ceng |
| 102 | @aCN@b110000 | |
| 105 | @aa a 001yy | |
| 106 | @ar | |
| 200 | 1 | @a植物与帝国@Azhi wu yu di guo@e大西洋世界的殖民地生物勘探@f(美) 隆达·施宾格著@d= Plants, and empire@ecolonial bioprospecting in the atlantic world@fLonda Schiebinger@g姜虹译@zeng |
| 210 | @a北京@c中国工人出版社@d2020.11 | |
| 215 | @a358页@c图@d21cm | |
| 225 | 2 | @a全球视野与物质文化史丛书@Aquan qiu shi ye yu wu zhi wen hua shi cong shu |
| 314 | @a隆达·施宾格, 斯坦福大学历史系教授, 著名的女性主义科学史家。姜虹, 四川大学文化科技协同创新研发中心助理研究员, 北京大学科学技术哲学博士。 | |
| 320 | @a有书目 (第333-344页) 和索引 | |
| 330 | @a本书共分为: 远航 ; 生物勘探 ; 异国堕胎药 ; 金凤花在欧洲的命运 ; 语言帝国主义几部分, 主要内容包括: 旅行植物学家、玛丽亚·西比拉·梅里安、生物盗窃、谁拥有自然? 、远航的植物学助手、克里奥尔博物学家与常住居民、足不出户的植物学家等。 | |
| 410 | 0 | @12001 @a全球视野与物质文化史丛书 |
| 500 | 10 | @aPlants, and empire : colonial bioprospecting in the atlantic world@mChinese |
| 517 | 1 | @a大西洋世界的殖民地生物勘探@Ada xi yang shi jie de zhi min di sheng wu kan tan |
| 606 | 0 | @a植物学@Azhi wu xue@x生物学史@j普及读物 |
| 690 | @aQ94-09@v5 | |
| 701 | 1 | @a施宾格@Ashi bin ge@g(Schiebinger, Londa)@4著 |
| 702 | 0 | @a姜虹@Ajiang hong@4译 |
| 801 | 0 | @aCN@c20250909 |
| 905 | @a河南城建学院图书馆@dQ94-09@eS486@f1 | |
| 植物与帝国:大西洋世界的殖民地生物勘探/(美) 隆达·施宾格著= Plants, and empire:colonial bioprospecting in the atlantic world/Londa Schiebinger/姜虹译.-北京:中国工人出版社,2020.11 |
| 358页:图;21cm.-(全球视野与物质文化史丛书) |
| ISBN 978-7-5008-7254-2(精装):CNY78.00 |
| 本书共分为: 远航 ; 生物勘探 ; 异国堕胎药 ; 金凤花在欧洲的命运 ; 语言帝国主义几部分, 主要内容包括: 旅行植物学家、玛丽亚·西比拉·梅里安、生物盗窃、谁拥有自然? 、远航的植物学助手、克里奥尔博物学家与常住居民、足不出户的植物学家等。 |
| ● |
| 相关链接 |
|
|
|
正题名:植物与帝国
索取号:Q94-09/S486
 
预约/预借
| 序号 | 登录号 | 条形码 | 馆藏地/架位号 | 状态 | 备注 |
| 1 | 1628835 | 216288354 | 自科库401/401自科库 34排2列5层/ [索取号:Q94-09/S486] | 在馆 |